Taylor Swift- Bejeweled (All Lyrics) - Statistics

General Stats
  • This quiz has been taken 161 times
    155 since last reset
  • The average score is 364 of 424
Answer Stats
Lyrics % Correct
"Do
99%
do?
99%
I
99%
"I
99%
still
99%
the
99%
a
98%
A
98%
don't
98%
Don't
98%
shimmer
98%
(Shimmer)
98%
And
97%
can
97%
In
97%
in
97%
make
97%
remember"
97%
walk
97%
when
97%
When
97%
whole
97%
you
97%
you),
97%
as
96%
me
96%
room
96%
bejeweled
95%
he
95%
man?"
95%
my
95%
of
95%
place
95%
I'm
94%
say,
94%
ask,
93%
have
93%
They
93%
your
93%
band
92%
believe
92%
to
91%
Best
90%
heart
90%
put
90%
then
90%
nice
87%
Nice
87%
(Nice)
87%
(Nice),
87%
by
86%
real,
86%
real
86%
think
86%
Baby
85%
meet
85%
basement
84%
I've
84%
mind
84%
too
84%
(Too
84%
been
83%
kind
83%
penthouse
83%
up
83%
girl
82%
girl)
82%
little
82%
out
81%
boy,
80%
on
80%
polish
80%
all
79%
Diamonds
79%
diamond's
79%
goin'
79%
present
79%
some
79%
tonight
79%
way,
79%
could
78%
got
78%
Did
77%
shoes
77%
eyes
76%
Familiarity
76%
gave
76%
good
76%
love,
75%
you're
75%
but
73%
But
73%
want
73%
over
71%
five
70%
top
70%
miss
68%
(Miss
68%
extra
67%
only
67%
sparklin'
67%
their
67%
credit,
66%
first
66%
it's
66%
peace
66%
someone
66%
works
66%
gotta
65%
time
65%
walkin'
65%
breeds
64%
Didn't
64%
What's
64%
curve
63%
shine
63%
heard?
62%
land
62%
lesson
62%
notice
61%
teach
61%
world
61%
contempt
60%
Puttin'
60%
was
60%
reclaim
59%
'cause
58%
gonna
58%
Just
57%
high
56%
sky
56%
line
55%
made
55%
try
55%
graded
54%
change
53%
might
53%
guy
52%
night
52%
Sadness
52%
tears
52%
wait
52%
aura's
50%
face
50%
moonstone
50%
said
50%
Sapphire
50%
became
42%
dancin'
40%
we're
37%
(Huh),
9%
(Huh)
9%
No matching quizzes found
Score Distribution
Percent of People with Each Score
Percentile by Number Answered
Your Score History
You have not taken this quiz since the last reset